<?xml version="1.0" encoding="UTF-8"?>
<record
    xmlns:xsi="http://www.w3.org/2001/XMLSchema-instance"
    xsi:schemaLocation="http://www.loc.gov/MARC21/slim http://www.loc.gov/standards/marcxml/schema/MARC21slim.xsd"
    xmlns="http://www.loc.gov/MARC21/slim">

  <leader>00617nam a22001337a 4500</leader>
  <datafield tag="040" ind1=" " ind2=" ">
    <subfield code="c">RUA</subfield>
  </datafield>
  <datafield tag="082" ind1=" " ind2=" ">
    <subfield code="a">AGR HOU 2015 B522 Or.1</subfield>
  </datafield>
  <datafield tag="100" ind1=" " ind2=" ">
    <subfield code="a">HOUT CHANLINDA; &#x17A0;&#x17BD;&#x178F; &#x1785;&#x17B6;&#x1793;&#x17CB;&#x179B;&#x17B8;&#x1793;&#x178A;&#x17B6;</subfield>
  </datafield>
  <datafield tag="245" ind1=" " ind2=" ">
    <subfield code="a">Cucumber production of farms in koh thom (kor) commune, koh thom district, kandal province; &#x1795;&#x179B;&#x17B7;&#x178F;&#x1780;&#x1798;&#x17D2;&#x1798;&#x178A;&#x17C6;&#x178E;&#x17B6;&#x17C6;&#x178F;&#x17D2;&#x179A;&#x179F;&#x1780;&#x17CB;&#x179A;&#x1794;&#x179F;&#x17CB;&#x1780;&#x179F;&#x17B7;&#x1780;&#x179A;&#x1780;&#x17D2;&#x1793;&#x17BB;&#x1784;&#x1783;&#x17BB;&#x17C6;&#x1780;&#x17C4;&#x17C7;&#x1792;&#x17C6;'&#x1781;' &#x179F;&#x17D2;&#x179A;&#x17BB;&#x17BB;&#x1780;&#x1780;&#x17C4;&#x17C7;&#x1792;&#x17C6; &#x1781;&#x17C1;&#x178F;&#x17D2;&#x178F;&#x1780;&#x178E;&#x17D2;&#x178F;&#x17B6;&#x179B;</subfield>
  </datafield>
  <datafield tag="260" ind1=" " ind2=" ">
    <subfield code="a">Phnom Penh</subfield>
    <subfield code="b">RUA</subfield>
    <subfield code="c">2015</subfield>
  </datafield>
  <datafield tag="300" ind1=" " ind2=" ">
    <subfield code="a">ix; 45p;</subfield>
    <subfield code="b">ill;</subfield>
    <subfield code="c">29cm;</subfield>
  </datafield>
  <datafield tag="856" ind1=" " ind2=" ">
    <subfield code="u"> HOUT CHANLINDA</subfield>
  </datafield>
  <datafield tag="942" ind1=" " ind2=" ">
    <subfield code="c">AGR</subfield>
  </datafield>
  <datafield tag="999" ind1=" " ind2=" ">
    <subfield code="c">10710</subfield>
    <subfield code="d">10710</subfield>
  </datafield>
  <datafield tag="952" ind1=" " ind2=" ">
    <subfield code="0">0</subfield>
    <subfield code="1">0</subfield>
    <subfield code="2">ddc</subfield>
    <subfield code="4">0</subfield>
    <subfield code="6">AGR_HOU_2015_000000000000000_B522_OR_1</subfield>
    <subfield code="7">0</subfield>
    <subfield code="9">55743</subfield>
    <subfield code="a">LBB</subfield>
    <subfield code="b">LBB</subfield>
    <subfield code="c">B522</subfield>
    <subfield code="d">2016-11-03</subfield>
    <subfield code="l">3</subfield>
    <subfield code="o">AGR HOU 2015 B522 Or.1</subfield>
    <subfield code="p">A01525</subfield>
    <subfield code="r">2018-05-28</subfield>
    <subfield code="s">2018-05-11</subfield>
    <subfield code="w">2016-11-03</subfield>
    <subfield code="y">AGR</subfield>
  </datafield>
  <datafield tag="952" ind1=" " ind2=" ">
    <subfield code="0">0</subfield>
    <subfield code="1">0</subfield>
    <subfield code="2">ddc</subfield>
    <subfield code="4">0</subfield>
    <subfield code="6">AGR_HOU_2015_000000000000000_B522_OR_2</subfield>
    <subfield code="7">0</subfield>
    <subfield code="9">55744</subfield>
    <subfield code="a">LBB</subfield>
    <subfield code="b">LBB</subfield>
    <subfield code="c">B522</subfield>
    <subfield code="d">2016-11-03</subfield>
    <subfield code="l">1</subfield>
    <subfield code="o">AGR HOU 2015 B522 Or.2</subfield>
    <subfield code="p">A00695</subfield>
    <subfield code="r">2018-05-16</subfield>
    <subfield code="s">2018-04-30</subfield>
    <subfield code="w">2016-11-03</subfield>
    <subfield code="y">AGR</subfield>
  </datafield>
  <datafield tag="952" ind1=" " ind2=" ">
    <subfield code="0">0</subfield>
    <subfield code="1">0</subfield>
    <subfield code="2">ddc</subfield>
    <subfield code="4">0</subfield>
    <subfield code="6">AGR_HOU_2015_000000000000000_B522_OR_3</subfield>
    <subfield code="7">0</subfield>
    <subfield code="9">55745</subfield>
    <subfield code="a">LBB</subfield>
    <subfield code="b">LBB</subfield>
    <subfield code="c">B522</subfield>
    <subfield code="d">2016-11-03</subfield>
    <subfield code="o">AGR HOU 2015 B522 Or.3</subfield>
    <subfield code="p">A00410</subfield>
    <subfield code="r">2016-11-03</subfield>
    <subfield code="w">2016-11-03</subfield>
    <subfield code="y">AGR</subfield>
  </datafield>
  <datafield tag="952" ind1=" " ind2=" ">
    <subfield code="0">0</subfield>
    <subfield code="1">0</subfield>
    <subfield code="2">ddc</subfield>
    <subfield code="4">0</subfield>
    <subfield code="6">AGR_HOU_2015_000000000000000_B522_OR_4</subfield>
    <subfield code="7">0</subfield>
    <subfield code="9">55746</subfield>
    <subfield code="a">LBB</subfield>
    <subfield code="b">LBB</subfield>
    <subfield code="c">B522</subfield>
    <subfield code="d">2016-11-03</subfield>
    <subfield code="o">AGR HOU 2015 B522 Or.4</subfield>
    <subfield code="p">A01044</subfield>
    <subfield code="r">2016-11-03</subfield>
    <subfield code="w">2016-11-03</subfield>
    <subfield code="y">AGR</subfield>
  </datafield>
  <datafield tag="952" ind1=" " ind2=" ">
    <subfield code="0">0</subfield>
    <subfield code="1">0</subfield>
    <subfield code="2">ddc</subfield>
    <subfield code="4">0</subfield>
    <subfield code="6">AGR_HOU_2015_000000000000000_B522_OR_5</subfield>
    <subfield code="7">0</subfield>
    <subfield code="9">55747</subfield>
    <subfield code="a">LBB</subfield>
    <subfield code="b">LBB</subfield>
    <subfield code="c">B522</subfield>
    <subfield code="d">2016-11-03</subfield>
    <subfield code="o">AGR HOU 2015 B522 Or.5</subfield>
    <subfield code="p">A02084</subfield>
    <subfield code="r">2016-11-03</subfield>
    <subfield code="w">2016-11-03</subfield>
    <subfield code="y">AGR</subfield>
  </datafield>
  <datafield tag="952" ind1=" " ind2=" ">
    <subfield code="0">0</subfield>
    <subfield code="1">0</subfield>
    <subfield code="2">ddc</subfield>
    <subfield code="4">0</subfield>
    <subfield code="6">AGR_HOU_2015_000000000000000_B522_OR_6</subfield>
    <subfield code="7">0</subfield>
    <subfield code="9">55748</subfield>
    <subfield code="a">LBB</subfield>
    <subfield code="b">LBB</subfield>
    <subfield code="c">B522</subfield>
    <subfield code="d">2016-11-03</subfield>
    <subfield code="l">1</subfield>
    <subfield code="o">AGR HOU 2015 B522 Or.6</subfield>
    <subfield code="p">A02805</subfield>
    <subfield code="r">2021-11-03</subfield>
    <subfield code="s">2021-10-26</subfield>
    <subfield code="w">2016-11-03</subfield>
    <subfield code="y">AGR</subfield>
  </datafield>
  <datafield tag="952" ind1=" " ind2=" ">
    <subfield code="0">0</subfield>
    <subfield code="1">0</subfield>
    <subfield code="2">ddc</subfield>
    <subfield code="4">0</subfield>
    <subfield code="6">AGR_HOU_2015_000000000000000_B522_OR_7</subfield>
    <subfield code="7">0</subfield>
    <subfield code="9">55749</subfield>
    <subfield code="a">LBB</subfield>
    <subfield code="b">LBB</subfield>
    <subfield code="c">B522</subfield>
    <subfield code="d">2016-11-03</subfield>
    <subfield code="o">AGR HOU 2015 B522 Or.7</subfield>
    <subfield code="p">A02591</subfield>
    <subfield code="r">2016-11-03</subfield>
    <subfield code="w">2016-11-03</subfield>
    <subfield code="y">AGR</subfield>
  </datafield>
  <datafield tag="952" ind1=" " ind2=" ">
    <subfield code="0">0</subfield>
    <subfield code="1">0</subfield>
    <subfield code="4">0</subfield>
    <subfield code="6">AGR_HOU_2015_000000000000000_B691_OR</subfield>
    <subfield code="7">0</subfield>
    <subfield code="9">86979</subfield>
    <subfield code="a">LBB</subfield>
    <subfield code="b">LBB</subfield>
    <subfield code="c">B691</subfield>
    <subfield code="d">2021-10-01</subfield>
    <subfield code="o">AGR HOU 2015 B691 Or.</subfield>
    <subfield code="p">A066813</subfield>
    <subfield code="r">2021-10-01</subfield>
    <subfield code="y">AGR</subfield>
  </datafield>
  <datafield tag="952" ind1=" " ind2=" ">
    <subfield code="0">0</subfield>
    <subfield code="1">0</subfield>
    <subfield code="4">0</subfield>
    <subfield code="6">AGR_HOU_2015_000000000000000_B691_OR</subfield>
    <subfield code="7">0</subfield>
    <subfield code="9">86980</subfield>
    <subfield code="a">LBB</subfield>
    <subfield code="b">LBB</subfield>
    <subfield code="c">B691</subfield>
    <subfield code="d">2021-10-01</subfield>
    <subfield code="o">AGR HOU 2015 B691 Or.</subfield>
    <subfield code="p">A066781</subfield>
    <subfield code="r">2021-10-01</subfield>
    <subfield code="y">AGR</subfield>
  </datafield>
</record>
